[Event "Olympiad Women 2024"]
[Site "Budapest HUN"]
[Date "2024.09.18"]
[Round "7.5"]
[Board "1"]
[White "Mkrtchian, Lilit"]
[Black "Tokhirjonova, Gulrukhbegim"]
[Result "1-0"]
[WhiteElo "2366"]
[BlackElo "2380"]
[PlyCount "109"]
[EventDate "2024.09.11"]
[WhiteTeam "Armenia"]
[BlackTeam "United States of America"]
[WhiteTeamCountry "ARM"]

1. c4 c6 2. e4 d5 3. exd5 cxd5 4. d4 Nf6 5. Nf3 Nc6 6. h3 a6 $146 ({RR} 6... e6 7. Nc3 Be7 8. c5 O-O 9. a3 b6 10. b4 bxc5 11. bxc5 Ne4 12. Bd2 Bf6 13. Qa4 Nxd2 14. Kxd2 Bd7 15. Bb5 Qc7 16. Ne2 a6 17. Bxc6 Bxc6 18. Qc2 Rab8 19. Rhb1 e5 20. Rxb8 Rxb8 21. Rb1 {½-½ Zahorsky,D-Sedmak,S SVK-chT3B 0102 2001 (5)}) ({RR} 6... g6 7. c5 Bg7 8. Bb5 Qa5+ 9. Nc3 Ne4 10. Qa4 Qxa4 11. Bxa4 Bd7 12. Be3 Nxc3 13. bxc3 Na5 14. Bb3 Bc6 15. Ne5 Bxe5 16. dxe5 d4 17. cxd4 Nxb3 18. axb3 Bxg2 19. Rg1 Bd5 20. b4 a6 21. h4 {½-½ Dardha,D (2602)-L'Ami,E (2627) Tata Steel Challengers 2024 (1.2)}) ({RR} 6... e6 7. Nc3 Be7 8. Bf4 O-O 9. Rc1 a6 10. a3 dxc4 11. Bxc4 b5 12. Bd3 Bb7 13. O-O b4 14. axb4 Nxb4 15. Bb1 Nfd5 16. Bg3 g6 17. Ne4 Re8 18. Nc5 Bc6 19. Re1 Bd6 20. Ne5 Bb5 21. Nb7 {1-0 Stocek,J (2534)-Tadic,S (2440) Cristina Foisor Mem Rapid 2024 (9.13)}) ({RR} 6... g6 7. Nc3 Bg7 8. Be3 O-O 9. Rc1 e6 10. b3 dxc4 11. bxc4 Re8 12. Be2 h6 13. Qd2 Kh7 14. O-O Ne7 15. Ne5 Rf8 16. Bd3 Nf5 17. Bb1 Nd7 18. Nf3 Nb6 19. Ne2 Bd7 20. Bxf5 exf5 21. d5 {½-½ Mikolajczyk,A (1778)-Budnik,M (1660) Polanica Zdroj op-D 48th 2012 (9)}) ({RR} 6... e6 7. a3 a5 8. Nc3 Be7 9. Bd3 O-O 10. O-O b6 11. Re1 Bb7 12. Bg5 dxc4 13. Bxc4 Nd5 14. Bxe7 Ndxe7 15. Qc2 {1-0 Silva,M (2010)-Mangini,B (1762) Sao Paulo op-B U2050 6th 2017 (6)}) 7. Nc3 e6 8. c5 Ne4 9. Bd3 Nxc3 10. bxc3 e5 11. dxe5 Bxc5 12. O-O h6 13. Re1 Be6 14. Be3 Bxe3 15. Rxe3 O-O 16. Bc2 Rc8 17. h4 Re8 18. h5 Kf8 19. Qd3 Ke7 20. Rd1 Qa5 21. Bb3 Rcd8 22. Nd4 Nxd4 23. Qxd4 Kf8 24. Rg3 Rc8 25. Qd3 Rc5 26. Qh7 Ke7 27. Qxg7 Kd7 28. Qxh6 Kc8 29. Qe3 Kb8 30. h6 Rh8 31. Rd4 Qd8 32. Rf4 Rc8 33. Rf6 Qc7 34. Qd4 Qa5 35. f4 Qa3 36. f5 Bd7 37. Qf4 Ka8 38. Rxf7 Bc6 39. h7 d4 40. cxd4 Qb2 41. Rfg7 Qb1+ 42. Kh2 Be4 43. R3g5 Qe1 44. Rg4 Bc6 45. d5 Bb5 46. Qg3 Qb1 47. Qf2 Qa1 48. Qd4 Qe1 49. Re4 Qf1 50. a4 Bd3 51. Rf4 Qe2 52. d6 Bc2 53. Bd5 Rb8 54. Qb6 Qh5+ 55. Kg3 1-0

[Event "Olympiad Women 2024"]
[Site "Budapest HUN"]
[Date "2024.09.18"]
[Round "7.5"]
[Board "2"]
[White "Yip, Carissa"]
[Black "Mkrtchyan, Mariam"]
[Result "1-0"]
[WhiteElo "2386"]
[BlackElo "2328"]
[PlyCount "79"]
[EventDate "2024.09.11"]
[WhiteTeam "United States of America"]
[BlackTeam "Armenia"]
[BlackTeamCountry "ARM"]

1. e4 e5 2. Nf3 Nc6 3. Bc4 Nf6 4. d3 Bc5 5. c3 d6 6. Bg5 h6 7. Bh4 g5 8. Bg3 a5 9. a3 $146 ({RR} 9. Nbd2 Qe7 10. a4 Be6 11. Qb3 Bxc4 12. Nxc4 h5 13. h4 g4 14. Nfd2 Kd7 15. Qb5 Rhb8 16. Nb3 Kc8 17. Nxc5 dxc5 18. Ne3 Nd7 19. Nf5 Qf6 20. O-O Ra6 21. Qb3 Ne7 22. f4 gxf3 23. Rxf3 Nxf5 {1-0 Hadzovic,A (2189)-Cosovic,A (1990) Sarajevo Bosna op-B 42nd 2012 (7)}) ({RR} 9. Nbd2 Ba7 10. a3 Nh5 11. Nxe5 Nxg3 12. Bxf7+ Kf8 13. Ng6+ Kg7 14. fxg3 Kxf7 15. Nxh8+ Qxh8 16. d4 Kg7 17. O-O Bd7 18. Kh1 Rf8 19. Qe2 Rxf1+ 20. Rxf1 Qe8 21. Qf3 Qe7 22. Nc4 Be6 23. Ne3 Nd8 {1-0 Gukesh,D (2764)-Suleymanli,A (2632) 45th Olympiad 2024 (5.1)}) ({RR} 9. Nbd2 Ne7 10. d4 exd4 11. cxd4 Bb4 12. O-O d5 13. exd5 Nfxd5 14. Ne4 c6 15. a3 f5 16. Ne5 O-O 17. Nxg5 hxg5 18. Qh5 Bd2 19. Rad1 Bf4 20. Bxf4 gxf4 21. Qg5+ Kh7 22. Rd3 Ne3 23. fxe3 Nd5 {1-0 Novik,M (2415)-Buenafe Moya,J (2160) Titled Tue 9th Apr Late 2024 (3)}) ({RR} 9. Nbd2 Ba7 10. O-O O-O 11. Kh1 Nh5 12. a4 Qf6 13. Ne1 Nf4 14. Nc2 Ne7 15. Ne3 h5 16. Bxf4 exf4 17. Nd5 Nxd5 18. Bxd5 g4 19. d4 Re8 20. Qc2 h4 21. Rae1 Kg7 22. Qd1 c6 23. Bb3 Bd7 {0-1 Gabrielian,A (2480)-Arjun,K (2477) Chess.com Rapid Wk15 Swiss 2022 (3)}) ({RR} 9. O-O Qe7 10. d4 Ba7 11. Na3 O-O 12. Nb5 Bb6 13. h3 Nxe4 14. Bh2 Kg7 15. Re1 f5 16. Bd3 Qf6 17. Bxe4 fxe4 18. dxe5 dxe5 19. Rxe4 Bxh3 20. Qe2 Bf5 21. Rxe5 Bg4 22. Rd1 Bxf3 23. gxf3 Qxf3 {½-½ Korchmar,V (2438)-Sargsyan,A (2384) Titled Tue 27th Dec Late 2022 (11)}) 9... Bb6 10. Nbd2 Nh7 11. Bb5 h5 12. h3 h4 13. Bh2 Bd7 14. Nc4 Ne7 15. Bxd7+ Qxd7 16. d4 f6 17. Nxb6 cxb6 18. Nd2 b5 19. a4 bxa4 20. Nc4 Nc8 21. Rxa4 b6 22. Ra1 Nf8 23. O-O Ng6 24. Ne3 Nce7 25. Qb3 b5 26. Rad1 Rf8 27. Ng4 a4 28. Qa2 Nc6 29. dxe5 Ngxe5 30. Ne3 Na5 31. Nf5 Ra6 32. Rd5 Rb6 33. Kh1 Nac4 34. f3 Kd8 35. Bg1 Rb7 36. Rfd1 Kc7 37. Nxd6 Nxd6 38. Rxd6 Qxd6 39. Rxd6 Kxd6 40. Qd5+ 1-0

[Event "Olympiad Women 2024"]
[Site "Budapest HUN"]
[Date "2024.09.18"]
[Round "7.5"]
[Board "3"]
[White "Danielian, Elina"]
[Black "Krush, Irina"]
[Result "1-0"]
[WhiteElo "2393"]
[BlackElo "2396"]
[PlyCount "105"]
[EventDate "2024.09.11"]
[WhiteTeam "Armenia"]
[BlackTeam "United States of America"]
[WhiteTeamCountry "ARM"]

1. d4 {Krasenkow,Michal} Nf6 2. c4 g6 3. Nc3 Bg7 4. Nf3 O-O 5. Bg5 c5 6. d5 h6 7. Bh4 d6 8. e3 g5 9. Bg3 Nh5 10. Nd2 Nxg3 11. hxg3 f5 12. Bd3 e6 13. g4 ({RR} 13. dxe6 Bxe6 14. Qc2 Nc6 15. a3 Qf6 16. f4 Rae8 17. O-O-O a6 18. g4 gxf4 19. gxf5 Bxf5 20. Nd5 Qxb2+ 21. Qxb2 Bxb2+ 22. Kxb2 Bxd3 23. exf4 Be2 24. Rdg1 Kg7 25. g4 b5 26. f5 bxc4 27. f6+ Kg6 {0-1 Van Vliet,D (2012)-Roos,D (2147) 45th Ghent Open 2024 (6.10)}) 13... fxg4 14. Qxg4 ({RR} 14. Be4) 14... exd5 15. Qh5 Qf6 $146 ({RR} 15... Nd7 16. Nf3 ({RR} 16. Qg6 Ne5 17. Qh7+ Kf7 18. Nxd5 Nxd3+ ({RR} 18... Rh8 19. Qe4) 19. Qxd3 Kg8 20. f3 Bf5 21. e4) 16... Nf6 17. Qg6 Ne4 18. Bxe4 dxe4 19. Qxe4 Bxc3+ ({RR} 19... Qe8 20. Nxg5 hxg5 21. Qh7+ Kf7 22. Qh5+) 20. bxc3 Qf6 21. O-O Rf7 22. Qe8+ Kg7 23. Rad1 b6 24. Qc6 Bb7 25. Qxd6 Bxf3 26. Qxf6+ Rxf6 27. Rd7+ Kg6 28. gxf3 Rxf3 29. Rfd1 ({RR} 29. Kg2) 29... Raf8 30. R1d2 {½-½ Khismatullin,D (2564)-Volokitin,A (2674) Moscow Aeroflot op-A1 2008 (3)}) ({RR} 15... Nd7 16. Nxd5 Ne5 17. Be2 Bf5 18. e4 Be6 19. Rd1 Bxd5 20. exd5 Qe8 21. O-O Qxh5 22. Bxh5 Rf4 23. g3 Rd4 24. b3 Rf8 25. Be2 g4 26. Kg2 h5 27. Nb1 Nd7 28. Bd3 Ne5 29. Bc2 Nf3 30. Rh1 {1-0 Danilyuk,O (1983)-Kalenichenko,A (1675) Cheliabinsk Variation-B 2022 (2)}) ({RR} 15... Nd7 16. Nf3 Nf6 17. Qg6 Ne4 18. Bxe4 dxe4 19. Qxe4 Rf7 20. Rd1 g4 21. Nh4 Qf6 22. Rd2 Be6 23. Nd5 Bxd5 24. Qxd5 g3 {½-½ Kuchynka,L (2314)-Neuman,P (2463) CZE-chT 1112 2011 (1.4)}) 16. Nxd5 Qxf2+ 17. Kd1 Qf7 18. Qxf7+ Rxf7 19. Bg6 Bg4+ 20. Kc2 Nc6 21. Bxf7+ Kxf7 22. Raf1+ Kg6 23. Rf2 Rf8 24. Rxf8 Bxf8 25. Rf1 Bg7 26. a3 Bf5+ 27. e4 Be6 28. Nf3 h5 29. Ne3 g4 30. Nh4+ Kg5 31. Nhf5 Be5 32. g3 Nd4+ 33. Kd3 a5 34. b4 axb4 35. axb4 b6 36. Nxd4 cxd4 37. Nf5 Bxf5 38. Rxf5+ Kg6 39. c5 bxc5 40. bxc5 Bxg3 41. c6 d5 42. e5 Kxf5 43. c7 Bxe5 44. c8=Q+ Kf4 45. Qf8+ Kg3 46. Qf5 Bf4 47. Qxh5 Be3 48. Qf5 Bf2 49. Ke2 Be3 50. Kf1 Bf4 51. Qxd5 Be3 52. Qe4 Kh3 53. Qe5 1-0

[Event "Olympiad Women 2024"]
[Site "Budapest HUN"]
[Date "2024.09.18"]
[Round "7.5"]
[Board "4"]
[White "Lee, Alice"]
[Black "Sargsyan, Anna M."]
[Result "1-0"]
[WhiteElo "2384"]
[BlackElo "2364"]
[PlyCount "99"]
[EventDate "2024.09.11"]
[WhiteTeam "United States of America"]
[BlackTeam "Armenia"]
[BlackTeamCountry "ARM"]

1. d4 Nf6 2. c4 e6 3. Nf3 d5 4. Nc3 Bb4 5. Bg5 h6 6. Bxf6 Qxf6 7. e3 O-O 8. Rc1 Rd8 9. Qb3 Nc6 10. c5 ({RR} 10. cxd5 exd5 11. Bb5 Bg4 12. Bxc6 Bxc3+ 13. Rxc3 bxc6 14. Ne5 Bd7 15. O-O Be8 16. Rfc1 Rab8 17. Qa3 Qd6 18. Nxc6 Qxa3 19. bxa3 Bxc6 20. Rxc6 Rd7 21. g3 Rb7 22. a4 Rb4 23. Ra6 Rb7 24. Rc5 Rb2 {1-0 Jakovenko,D (2747)-Moiseenko,A (2707) Yaroslav the Wise rapid 5th 2014 (7)}) ({RR} 10. a3 Ba5 11. Be2 Ne7 12. Qa4 Bxc3+ 13. Rxc3 Bd7 14. Qc2 Bc6 15. Ne5 dxc4 16. O-O Bd5 17. e4 Bc6 18. Rf3 Qh4 19. Rxf7 Rxd4 20. Nxc6 Nxc6 21. Rxc7 Qf4 22. Rxb7 Ne5 23. g3 Qxe4 24. Qxe4 Rxe4 {1-0 Kuzubov,Y (2606)-Sarana,A (2703) Titled Tue 30th Apr Early 2024 (5)}) 10... a5 11. Bb5 $146 ({RR} 11. a3 a4 12. Qc2 Ba5 13. Bb5 e5 14. Bxc6 exd4 15. Bxa4 Bf5 16. Qd1 dxc3 17. b4 Bg4 18. Bb3 b6 19. c6 b5 {1-0 Bai,J (2586)-Gonzales,J (2409) Asian Continental op 16th 2017 (1)}) 11... e5 12. O-O e4 13. Nxd5 Rxd5 14. Qxd5 exf3 15. Qxf3 Qxf3 16. gxf3 a4 17. a3 Ba5 18. Bxa4 Ne7 19. Bc2 c6 20. Rfd1 Bh3 21. Bd3 Rd8 22. Bf1 Be6 23. Bc4 Nf5 24. Bxe6 fxe6 25. f4 Kf7 26. Rc4 g5 27. Ra4 Bc7 28. fxg5 hxg5 29. Ra7 Rd7 30. Rd3 Ne7 31. Rb3 Nc8 32. Ra8 Ne7 33. Kg2 e5 34. dxe5 Ke6 35. Rxb7 Kxe5 36. Raa7 Nd5 37. h3 Ke4 38. a4 Rh7 39. b4 g4 40. hxg4 Rh2+ 41. Kg1 Kf3 42. Rxc7 Rg2+ 43. Kh1 Kxf2 44. Rd7 Kg3 45. Rxd5 cxd5 46. Rf7 Rb2 47. Kg1 Rxb4 48. Kf1 Rxa4 49. c6 Ra8 50. g5 1-0

[Event "Olympiad Women 2024"]
[Site "Budapest HUN"]
[Date "2024.09.18"]
[Round "7.6"]
[Board "1"]
[White "Munkhzul, Turmunkh"]
[Black "Wagner, Dinara"]
[Result "1/2-1/2"]
[WhiteElo "2256"]
[BlackElo "2452"]
[PlyCount "142"]
[EventDate "2024.09.11"]
[WhiteTeam "Mongolia"]
[BlackTeam "Germany"]
[WhiteTeamCountry "MGL"]
[BlackTeamCountry "GER"]

1. e4 e5 2. Nf3 Nc6 3. Bb5 a6 4. Bxc6 dxc6 5. d4 exd4 6. Qxd4 Qxd4 7. Nxd4 Bd7 8. Be3 O-O-O 9. f3 Ne7 ({RR} 9... c5 10. Ne2 b6 11. Nbc3 g6 12. Kf2 Bg7 13. Rhd1 Ne7 14. f4 Bc6 15. Rxd8+ Rxd8 16. g4 h6 17. h4 Ng8 18. g5 f6 19. gxh6 Bxh6 20. Rg1 Ne7 21. h5 gxh5 22. Rh1 Be8 23. Ng3 c6 24. Nxh5 {1-0 Rodionov,Y (2109)-Shalagin,V (1949) Sakha (Yakutia) Cup 2023 (4.5)}) 10. Nc3 f5 11. e5 c5 12. Nb3 $146 ({RR} 12. Nde2 Ng6 13. f4 Bc6 14. Kf2 Nh4 15. Rhg1 Be7 16. Rad1 b5 17. b3 h6 18. h3 g5 19. g3 Nf3 20. Rxd8+ Rxd8 21. Rd1 Rxd1 22. Nxd1 Kd7 23. Nb2 c4 24. bxc4 Ba3 25. cxb5 axb5 26. Nd3 Ke6 {1-0 Kanter,E (2349)-Poletaev,V (2083) Europa-Azia op 2008 (4)}) ({RR} 12. Nde2 Ng6 13. f4 Bc6 14. Kf2 Nh4 15. Rhg1 Be7 16. Rad1 b5 17. b3 h6 18. h3 g5 19. g3 Nf3 20. Rxd8+ Rxd8 21. Rd1 Rxd1 22. Nxd1 Kd7 23. Nb2 c4 24. bxc4 Ba3 25. cxb5 axb5 26. Nd3 Ke6 {1-0 Nabiullin,M-Poletaev,V (2042) Gornozavodsk op 2007 (5)}) 12... b6 13. O-O-O Re8 14. f4 Bc6 15. Rhg1 g5 16. g3 Ng6 17. Rdf1 g4 18. Rd1 Bh6 19. Rde1 Bg7 20. Nd2 h5 21. Nf1 Kd7 22. Bd2 Ke6 23. Nd1 Ne7 24. Nf2 a5 25. Ne3 Bf3 26. Ref1 Bh6 27. Re1 Rd8 28. Nf1 h4 29. Be3 hxg3 30. hxg3 Bf8 31. Nd2 Bb7 32. Nd1 Nc6 33. Rh1 Rxh1 34. Rxh1 Nb4 35. Rh7 Nxa2+ 36. Kb1 Nb4 37. Nc3 Rd7 38. Rh8 Bg7 39. Rh5 Nd5 40. Nxd5 Bxd5 41. Rg5 Bf8 42. c4 Bb7 43. Rg6+ Ke7 44. Kc2 Ke8 45. Re6+ Re7 46. Rxe7+ Bxe7 47. Nb1 Be4+ 48. Kc1 Bd3 49. Na3 Kd7 50. Kd2 Bf1 51. Ke1 Bg2 52. Bd2 Be4 53. Bc3 Bd8 54. Ke2 Bb7 55. Be1 Kc6 56. Bd2 Bc8 57. Kd3 Be6 58. Nb5 Kb7 59. Be3 Be7 60. Bf2 c6 61. Nc3 Ka6 62. Na4 b5 63. Nxc5+ Bxc5 64. Bxc5 Bxc4+ 65. Kd4 Be6 66. Be7 Kb7 67. Bd8 a4 68. Kc5 Kc8 69. Ba5 Kd7 70. Be1 Bb3 71. Ba5 Bd1 1/2-1/2

[Event "Olympiad Women 2024"]
[Site "Budapest HUN"]
[Date "2024.09.18"]
[Round "7.6"]
[Board "2"]
[White "Paehtz, Elisabeth"]
[Black "Munguntuul, Batkhuyag"]
[Result "1/2-1/2"]
[WhiteElo "2455"]
[BlackElo "2346"]
[PlyCount "79"]
[EventDate "2024.09.11"]
[WhiteTeam "Germany"]
[BlackTeam "Mongolia"]
[WhiteTeamCountry "GER"]
[BlackTeamCountry "MGL"]

1. e4 c6 2. Nf3 d5 3. Nc3 dxe4 4. Nxe4 Nf6 5. Qe2 Nxe4 6. Qxe4 Qd5 7. Qh4 Bf5 8. Bc4 Qd6 9. d3 e6 10. Bf4 Qe7 ({RR} 10... Qc5 11. g4 Be4 12. dxe4 Qxc4 13. O-O-O Na6 14. a3 Be7 15. Qg3 Nc5 16. Nd2 Qa2 17. Qc3 Qa1+ 18. Nb1 Nxe4 19. Qd4 Nf6 20. g5 Rd8 21. Qxa7 Nd5 22. Qxb7 O-O 23. Rxd5 cxd5 24. Qxe7 Rc8 25. Be5 {1-0 Jahnz,L (2051)-Thiede,L (2388) ch-Berlin 2024 (2.8)}) 11. Bg5 Qd6 12. O-O-O $146 ({RR} 12. O-O Be7 13. Bxe7 Qxe7 14. Qf4 O-O 15. Rfe1 Bg6 16. a4 a5 17. h4 h6 18. Re3 Qf6 19. Qg3 Nd7 20. Rae1 Bf5 21. Qc7 Nc5 22. b3 Qd8 23. Qf4 Rb8 24. Nd4 Bg6 25. Rg3 h5 26. Rg5 Nd7 {1-0 Askarov,B (2404)-Usov,A (2283) Cheliabinsk Variation-A 2022 (7)}) 12... Be7 13. Rhe1 Nd7 14. Bxe7 Qxe7 15. Qf4 Bg6 16. Nd4 e5 17. Qe3 O-O 18. f4 Rfe8 19. Nf3 Bh5 20. fxe5 Bxf3 21. Qxf3 Qg5+ 22. Qe3 Qxe5 23. Qxe5 Nxe5 24. Bb3 Kf8 25. Re4 Ng6 26. Rf1 f6 27. Be6 Rad8 28. Rfe1 Ne5 29. Bb3 Re7 30. d4 Ng6 31. Rxe7 Nxe7 32. c3 Nd5 33. Kd2 Re8 34. Rf1 Ke7 35. Bc2 g6 36. Rf3 f5 37. c4 Nf6 38. Rb3 Rb8 39. h3 Kd6 40. Rf3 1/2-1/2

[Event "Olympiad Women 2024"]
[Site "Budapest HUN"]
[Date "2024.09.18"]
[Round "7.6"]
[Board "3"]
[White "Nomin-Erdene, Davaademberel"]
[Black "Heinemann, Josefine"]
[Result "1-0"]
[WhiteElo "2319"]
[BlackElo "2316"]
[PlyCount "119"]
[EventDate "2024.09.11"]
[WhiteTeam "Mongolia"]
[BlackTeam "Germany"]
[WhiteTeamCountry "MGL"]
[BlackTeamCountry "GER"]

1. e4 c5 2. Nf3 d6 3. d4 cxd4 4. Nxd4 Nf6 5. Nc3 a6 6. Be3 e5 7. Nf3 Be7 8. Bc4 O-O 9. O-O Nc6 10. Qe2 Na5 11. Bb3 ({RR} 11. Bd5 Be6 12. Rfd1 Qc7 13. Bxe6 fxe6 14. Ng5 Qc8 15. Na4 Nc4 16. Bc1 h6 17. Nf3 Qc6 18. b3 b5 19. Nb2 Nxb2 20. Bxb2 Qxe4 21. Qxe4 Nxe4 22. Rac1 Rac8 23. c4 bxc4 24. bxc4 Rc6 25. Re1 Nc5 {1-0 Lintchevski,D (2524)-Polschikov,A (2358) St.Petersburg Blitz GP 2024 (9.8)}) 11... Nxb3 12. axb3 Be6 13. Rfd1 Qc8 $146 ({RR} 13... Qc7 14. Bg5 Rac8 15. Bxf6 Bxf6 16. Rac1 Qb6 17. Nd5 Bxd5 18. Rxd5 Rc6 19. Rcd1 Rfc8 20. Ne1 g6 21. R1d3 Be7 22. Qd2 Bf8 23. Qd1 a5 24. Qd2 Ra8 25. Rf3 a4 26. Qe2 a3 27. bxa3 Rxa3 28. Rd1 {1-0 Bakre,T (2464)-Zagrebelny,S (2540) Asia-ch 4th Doha 2003 (7)}) ({RR} 13... Qc7 14. Bg5 Rac8 15. Bxf6 Bxf6 16. Rac1 Qb6 17. Nd5 Bxd5 18. Rxd5 Rc6 19. Qd1 Qb4 20. Nd2 Bg5 21. f3 f5 22. exf5 Be3+ 23. Kh1 Rxf5 24. Ra1 Bxd2 25. Ra4 Qb6 26. Qxd2 h6 27. Ra1 Rf6 28. Re1 {1-0 Nepomniachtchi,I (2706)-Papaioannou,I (2622) Olympiad-39 Khanty-Mansiysk 2010 (11.1)}) ({RR} 13... Qc7 14. Bg5 Nh5 15. Nxe5 Bxg5 16. Qxh5 Bf6 17. Nf3 Bxc3 18. bxc3 Qxc3 19. Nd4 Rfe8 20. Qa5 Rac8 21. Qxc3 Rxc3 22. f3 Kf8 23. Kf2 Rec8 24. Rd2 Ke7 25. h4 h5 26. Ra2 g6 27. Ne2 R3c5 28. c4 {½-½ Oleksienko,M (2585)-Brodsky,M (2550) UKR-ch 77th Poltava 2008 (9)}) 14. Bg5 Qc6 15. Bxf6 Bxf6 16. Nd5 Bd8 17. Rd2 f5 18. c4 fxe4 19. Qxe4 Rf4 20. Qd3 Bxd5 21. Qxd5+ Qxd5 22. Rxd5 Be7 23. Nd2 Rb8 24. f3 b5 25. Ra2 bxc4 26. bxc4 Rd4 27. Rxd4 exd4 28. Kf2 Bg5 29. Ke2 Rb4 30. Ne4 Bc1 31. Nxd6 Bf4 32. Rxa6 Rxb2+ 33. Kd3 h5 34. g3 Be5 35. f4 Bf6 36. Ne4 Rb3+ 37. Kc2 Re3 38. Nxf6+ gxf6 39. Rxf6 h4 40. Rg6+ Kf7 41. Rg4 Rc3+ 42. Kd2 hxg3 43. hxg3 Kf6 44. Rg5 Rxc4 45. Kd3 Ra4 46. g4 Ke6 47. Re5+ Kf6 48. Rd5 Ra3+ 49. Kxd4 Rg3 50. g5+ Kg6 51. Rd6+ Kf5 52. Rf6+ Kg4 53. g6 Kh5 54. f5 Rg1 55. Rf7 Kh6 56. Ke5 Ra1 57. Rh7+ Kg5 58. g7 Ra5+ 59. Kd4 Ra4+ 60. Kc3 1-0

[Event "Olympiad Women 2024"]
[Site "Budapest HUN"]
[Date "2024.09.18"]
[Round "7.6"]
[Board "4"]
[White "Schulze, Lara"]
[Black "Mungunzul, Bat-Erdene"]
[Result "1-0"]
[WhiteElo "2283"]
[BlackElo "2224"]
[PlyCount "101"]
[EventDate "2024.09.11"]
[WhiteTeam "Germany"]
[BlackTeam "Mongolia"]
[WhiteTeamCountry "GER"]
[BlackTeamCountry "MGL"]

1. e4 e5 2. Nf3 Nc6 3. d4 exd4 4. Nxd4 Bc5 5. Nb3 Bb6 6. Nc3 Nge7 7. Bf4 d6 8. Qd2 Be6 ({RR} 8... a5 9. a4 O-O 10. O-O-O Be6 11. Nd5 Bxd5 12. exd5 Nb4 13. Bc4 Ng6 14. Bg5 Qd7 15. Bb5 Qf5 16. Be3 Bxe3 17. fxe3 Ne5 18. Rhf1 Qg6 19. Nd4 c6 20. dxc6 bxc6 21. Nf5 Qe6 22. c3 Na2+ 23. Kb1 {½-½ Papp,P (2267)-Doluhanova,E (2224) European Women Blitz 2023 2024 (2.13)}) 9. O-O-O Qd7 10. Kb1 $146 ({RR} 10. Nd5 Ne5 11. Be3 Bxd5 12. exd5 Bxe3 13. Qxe3 Ng4 14. Qg3 O-O 15. Bd3 Nf6 16. c4 Qa4 17. Kb1 b5 18. Rc1 bxc4 19. Rxc4 Qd7 20. Qf3 Nexd5 21. g4 Nb6 22. Rd4 h6 23. h4 Qe6 24. g5 Nfd5 {1-0 Aabling Thomsen,J (2360)-Kistrup,N (2004) DEN-ch cand Svendborg 2018 (2)}) ({RR} 10. Be3 O-O-O 11. Bxb6 axb6 12. Bb5 Bxb3 13. axb3 Qg4 14. f4 Qh5 15. Nd5 Nxd5 16. exd5 Na7 17. Be2 Qh6 18. g3 Rhe8 19. Rhe1 Kb8 20. Bf3 Nc8 21. Re2 Rxe2 22. Qxe2 Rd7 23. Rd4 Re7 24. Re4 Rxe4 {½-½ Malek,J (2384)-Coenen,M (2295) 34th Czech Open A 2023 (4.4)}) 10... f5 11. e5 dxe5 12. Qe1 Qc8 13. Bxe5 O-O 14. f4 Nxe5 15. fxe5 Qe8 16. Be2 Ng6 17. Bh5 Bf7 18. Bxg6 Bxg6 19. Nd5 Bf7 20. Qc3 c6 21. Nf4 Qe7 22. Rhe1 Rad8 23. g3 Rxd1+ 24. Rxd1 Re8 25. Re1 g5 26. Nd3 Rd8 27. e6 Be8 28. h4 gxh4 29. gxh4 Qxh4 30. e7 Rd7 31. Qe5 Rd5 32. Qe6+ Kg7 33. Re2 Qh1+ 34. Nbc1 Bd4 35. Nf4 Rb5 36. b3 Bf6 37. Rg2+ Qxg2 38. Nxg2 Re5 39. Qc4 Rxe7 40. Nh4 Bd7 41. Qf4 Re5 42. Nd3 Rd5 43. Qg3+ Kf7 44. Nf3 Ke7 45. Nfe5 Be6 46. Qh2 Bg8 47. Nc4 Rd7 48. Ne3 f4 49. Qxf4 Be6 50. Nc5 Rd4 51. Qc7+ 1-0

[Event "Olympiad Women 2024"]
[Site "Budapest HUN"]
[Date "2024.09.18"]
[Round "7.7"]
[Board "1"]
[White "Khademalsharieh, Sarasadat"]
[Black "Daulyte-Cornette, Deimante"]
[Result "1/2-1/2"]
[WhiteElo "2468"]
[BlackElo "2369"]
[PlyCount "79"]
[EventDate "2024.09.11"]
[WhiteTeam "Spain"]
[BlackTeam "France"]
[WhiteTeamCountry "ESP"]
[BlackTeamCountry "FRA"]

1. d4 Nf6 2. Nf3 d5 3. c3 e6 4. Bf4 c5 5. e3 Nc6 6. Nbd2 Nh5 7. Bg5 f6 8. Bh4 g6 9. Be2 cxd4 10. cxd4 ({RR} 10. Nxd4 Ng7 11. O-O Nxd4 12. cxd4 Nf5 13. Bg3 Bd7 14. e4 dxe4 15. Nxe4 Bc6 16. Nc3 Nxd4 17. Bc4 e5 18. f4 b5 19. Bd3 b4 20. Ne4 f5 21. fxe5 fxe4 22. Bc4 Nf5 23. Qb3 Qb6+ 24. Kh1 O-O-O {0-1 Abdusattorov,N (2762)-So,W (2751) Saint Louis Rapid 2024 (9.1)}) 10... Be7 11. Rc1 Bd7 12. Nb3 $146 ({RR} 12. O-O Ng7 13. g4 h5 14. h3 hxg4 15. hxg4 e5 16. dxe5 fxe5 17. Bg3 e4 18. Ne5 Nxe5 19. Bxe5 Bf6 20. Bg3 Bh4 21. Qb3 Bxg3 22. fxg3 Bc6 23. Kg2 Qd7 24. Qc3 O-O-O 25. Bb5 Kc7 26. Qe5+ Kb6 {0-1 Eljanov,P (2706)-Niemann,H (2676) Titled Tue 26th Mar Early 2024 (5)}) 12... b6 13. a3 a6 14. Nfd2 Ng7 15. Bd3 O-O 16. Bg3 Nf5 17. Qe2 a5 18. O-O Nxg3 19. hxg3 a4 20. Na1 Ra5 21. Nc2 f5 22. f4 Bd6 23. Nf3 Qe7 24. Ne5 Be8 25. Nxc6 Bxc6 26. Nb4 Bd7 27. Qd2 Bxb4 28. axb4 Ra7 29. Rc2 Rc8 30. Rxc8+ Bxc8 31. Rc1 Bd7 32. Qc3 Qd6 33. Be2 h5 34. Kf2 Kf7 35. Bd3 Kg8 36. Qa3 Kf7 37. Rc3 Qb8 38. b5 Qf8 39. Be2 Kg8 40. Rc2 1/2-1/2

[Event "Olympiad Women 2024"]
[Site "Budapest HUN"]
[Date "2024.09.18"]
[Round "7.7"]
[Board "2"]
[White "Milliet, Sophie"]
[Black "Vega Gutierrez, Sabrina"]
[Result "1-0"]
[WhiteElo "2348"]
[BlackElo "2374"]
[PlyCount "113"]
[EventDate "2024.09.11"]
[WhiteTeam "France"]
[BlackTeam "Spain"]
[WhiteTeamCountry "FRA"]
[BlackTeamCountry "ESP"]

1. e4 c5 2. Nf3 g6 3. c4 Bg7 4. d4 cxd4 5. Nxd4 Qb6 6. Nb3 d6 7. Be2 Nd7 8. O-O Ngf6 9. Nc3 O-O 10. Be3 Qd8 11. Nd4 Nc5 12. f3 Ne6 $146 ({RR} 12... a5 13. Ndb5 b6 14. a3 Bb7 15. b4 Ncd7 16. Qb3 Ne8 17. Rac1 Kh8 18. Rfd1 axb4 19. axb4 Rc8 20. Na4 f5 21. exf5 gxf5 22. c5 bxc5 23. bxc5 f4 24. Bf2 dxc5 25. Nxc5 Nxc5 26. Rxc5 Qa5 27. Nd6 {1-0 Froewis,G (2419)-Blatny,P (2336) Niederoesterreich Landesliga 1819 2018 (8.1)}) ({RR} 12... a6 13. Qd2 Re8 14. Rad1 Qc7 15. Nc2 Bd7 16. Nb4 Bc6 17. Nbd5 Bxd5 18. Nxd5 Nxd5 19. cxd5 Rac8 {½-½ Lehmann,N (1626)-Rehbein,U (1774) Vellmar op 11th 2019 (7)}) 13. Nc2 b6 14. Qd2 Bb7 15. Rfd1 Nd7 16. Rab1 Rc8 17. Nd5 Ne5 18. b3 Nc5 19. Bg5 Re8 20. Qe3 Ne6 21. Bh4 b5 22. Na3 bxc4 23. bxc4 Nc5 24. f4 Ned7 25. Nb5 Bxd5 26. cxd5 Qa5 27. a3 Ra8 28. Be1 Qd8 29. Nd4 e6 30. dxe6 fxe6 31. Nb5 d5 32. Nd6 d4 33. Rxd4 Bxd4 34. Qxd4 Rf8 35. Bc3 Qf6 36. Rb5 Na4 37. Qxf6 Nxf6 38. Bb4 Ne8 39. Bc4 Nc7 40. Rb7 a5 41. Rxc7 axb4 42. Bxe6+ Kh8 43. axb4 Rxf4 44. Nf7+ Kg7 45. g3 Rxe4 46. Ng5+ Kf6 47. Nxe4+ Kxe6 48. Rxh7 Nb6 49. Nc5+ Kf6 50. Kf2 Nd5 51. b5 Rc8 52. Ne4+ Ke5 53. Nd2 Rc2 54. Ke1 Kd4 55. Rd7 Ke3 56. Nf1+ Ke4 57. Rxd5 1-0